书目信息 |
| 题名: |
汽车传感检测与车联网技术
|
|
| 作者: | 张洪昌 , 邹建中 著 | |
| 分册: | ||
| 出版信息: | 天津 天津科学技术出版社 2021.1 |
|
| 页数: | 293页 | |
| 开本: | 26cm | |
| 丛书名: | ||
| 单 册: | ||
| 中图分类: | U463.607 , U469 | |
| 科图分类: | ||
| 主题词: | 汽车--传感器--检测 , 互联网络--应用--汽车 , 智能技术--应用--汽车 | |
| 电子资源: | ||
| ISBN: | 978-7-5576-8617-8 | |
| 000 | 00997nam0 2200277 45 | |
| 001 | 012001002130 | |
| 005 | 20140913125403.0 | |
| 010 | @a978-7-5576-8617-8@dCNY78.00 | |
| 100 | @a20201201d2020 em y0chiy50 ea | |
| 101 | 0 | @achi |
| 102 | @aCN@b120000 | |
| 105 | @aa z 000yy | |
| 106 | @ar | |
| 200 | 1 | @a汽车传感检测与车联网技术@Aqi che chuan gan jian ce yu che lian wang ji shu@b专著@f张洪昌,邹建中著 |
| 210 | @a天津@c天津科学技术出版社@d2021.1 | |
| 215 | @a293页@c图@d26cm | |
| 330 | @a本书共分八章,内容包括:汽车传感器概述、典型传感器的结构原理、利用示波器对传感器的波形进行检测、车联网综述、车联网关键技术综述、车联网关键技术与应用、车载设备与导航系统、车联网应用。 | |
| 606 | 0 | @a汽车@x传感器@x检测 |
| 606 | 0 | @a互联网络@x应用@x汽车 |
| 606 | 0 | @a智能技术@x应用@x汽车 |
| 690 | @aU463.607@v5 | |
| 690 | @aU469@v5 | |
| 701 | 0 | @a张洪昌@Azhang hong chang@4著 |
| 701 | 0 | @a邹建中@Azou jian zhong@4著 |
| 801 | 0 | @aCN@bBJSDL@c20211011 |
| 905 | @b1338552-5@dU463.607@e1076@f4 | |
| 汽车传感检测与车联网技术/张洪昌,邹建中著.-天津:天津科学技术出版社,2021.1 |
| 293页:图;26cm |
| ISBN 978-7-5576-8617-8:CNY78.00 |
| 本书共分八章,内容包括:汽车传感器概述、典型传感器的结构原理、利用示波器对传感器的波形进行检测、车联网综述、车联网关键技术综述、车联网关键技术与应用、车载设备与导航系统、车联网应用。 |
| ● |
| 相关链接 |
|
|
|
|
正题名:汽车传感检测与车联网技术
索取号:U463.607/1076
 
预约/预借
| 序号 | 登录号 | 条形码 | 馆藏地/架位号 | 状态 | 备注 |
| 1 | 1338552 | 213385521 | 第二样本阅览室/ [索取号:U463.607/1076] | 在馆 | |
| 2 | 1338553 | 213385530 | 第三借阅区/ [索取号:U463.607/1076] | 在馆 | |
| 3 | 1338554 | 213385549 | 第三借阅区/ [索取号:U463.607/1076] | 在馆 | |
| 4 | 1338555 | 213385558 | 第三借阅区/ [索取号:U463.607/1076] | 在馆 |